| 000 | 01054nam0a22002411 4500 | ||
|---|---|---|---|
| 001 | rc\4127433 | ||
| 005 | 20250610123820.0 | ||
| 035 | _a(NLR Aleph) 007903509 | ||
| 090 |
_a8052671 _c8052671 |
||
| 100 | _a20130415d1946 |||y0rusy50 ca | ||
| 101 | 0 | _arus | |
| 102 | _aRU | ||
| 105 | _ay z ||||| | ||
| 200 | 1 |
_aПроект технических условий на защиту подземных сооружений от коррозии _eКомиссия содействия реконстр. г. Москвы при президиуме Акад. Наук СССР |
|
| 210 |
_aБ. м. _cАН СССР _d1946 |
||
| 300 | _aИст.: Притула В.А. Защита подземных трубопроводов от внешней коррозии. М.-Л. 1948 | ||
| 700 | 1 |
_4070 _7ca _8rus _aПритула _bВ. А. _f1910-1975 _gВсеволод Александрович _9271662 _3RU\NLR\AUTH\770271718 |
|
| 801 | 0 |
_aRU _bNLR _gpsbo |
|
| 801 | 1 |
_aRU _bELAR _2rusmarc |
|
| 852 |
_aNLR _jDesideratum |
||
| 942 | _cBOOK | ||
| 980 | _aNB | ||